000 00855nam a2200277 i 4500
001 bg
100 1 _aKOZARZEWSKI, Bohdan
245 1 0 _aFizyka zjawisk mikroskopowych /
_cBohdan Kozarzewski ; Politechnika Krakowska im. Tadeusza Kościuszki.
250 _aWyd. 2.
260 _aKraków :
_bPK,
_c1998.
300 _a172 s. :
_brys., wykr. ;
_c24 cm.
504 _aBibliogr. s. 171.
521 _aSkrypt dla studentów wyższych szkół technicznych.
650 9 _aFizyka atomowa
650 9 _aFizyka molekularna
650 9 _aMechanika kwantowa
655 _aPodręczniki akademickie
710 0 _aPolitechnika Krakowska im. Tadeusza Kościuszki
020 _a8372420122
040 _cBPK
041 0 _apl
080 _a530.145:536:539.1](075.8)
920 _a83-7242-012-2
942 _cKS
008 s pl f |000 0 pol
999 _c37885
_d37885
856 _uhttp://koha.tu.koszalin.pl/cgi-bin/koha/opac-detail.pl?biblionumber=37885
_yKatalog online BPK